000 01115nam a2200325Ia 4500
003 OSt
005 20220912150902.0
006 a|||||r|||| 00| 0
007 ta
008 220909b |||||||| |||| 00| 0 eng d
020 _a3540241957 (hbd)
024 _a15449
037 _b29835, 30/06/2005, Worldwide Book Traders
037 _cTextbook
040 _aCSL
_beng
_cCSL
041 _aeng
082 _aH422:(E), P5 TH
100 _aMerkel Broder J
245 0 _aGroundwater geochemistry:a practical guide to modeling of natural and contaminated aquatic systems
260 _aBerlin
_bSpringer-Verlag
_c2005
300 _axi,200p.
_ccm. Includes with CD-ROM
500 _aBibliographical references 185-189p; Index 191-200p
650 _a Geochemistry
650 _a Ground water
650 _aGeology
700 _a Nordstrom Darrell Kirk Ed.
700 _a Planer-Friedrich Britta
942 _hH422:(E), P5 TH
_cTB
_2CC
999 _c56861
_d56861